Knowledge, power, and practice : the anthropology of medicine and everyday life

Αποθηκεύτηκε σε:
Λεπτομέρειες βιβλιογραφικής εγγραφής
Άλλοι συγγραφείς: Lindenbaum, Shirley (Επιμελητής έκδοσης), Lock, Margaret M. (Επιμελητής έκδοσης)
Μορφή: Βιβλίο
Γλώσσα:English
Δημοσίευση: Berkeley : University California Press, c1993
Σειρά:Comperative studies of health systems and medical care ; ; 36
Θέματα:
Ετικέτες: Προσθήκη ετικέτας
Δεν υπάρχουν, Καταχωρήστε ετικέτα πρώτοι!

MARC

LEADER 00000nam a2200000 i 4500
001 1/25270
008 981208s1993 eng d
020 |a 0-520-07785-7 
035 |l 10037293 
040 |a GR-MY-UA  |b gre  |e aacr 
041 0 |a eng 
082 0 |a 306.461 
245 1 0 |a Knowledge, power, and practice :  |b the anthropology of medicine and everyday life /  |c edited by Shirley Lindenbaum and Margaret Lock 
260 |a Berkeley :   |b University California Press,   |c c1993 
300 |a 428 p. 
490 1 |a Comperative studies of health systems and medical care  |v ; 36 
504 |a Includes bibliographical references and index 
650 0 0 |a Medical anthropology. 
700 1 |a Lindenbaum, Shirley.  |4 edt 
700 1 |a Lock, Margaret M.  |4 edt 
830 0 |a Comperative studies of health systems and medical care ;  |v ; 36 
852 |a INST  |b LESVOS  |e 19981208  |h 306.461 KNO  |p 005100017702  |q 005100017702  |t BK  |y 0 
901 |a BIBL-1999-1 
909 |a Λ  |b 060386 
922 |a 1ΕΛΗ  |b 199810  |c ΚΠΣ/ΤΚΑ  |d ΠΑΠΑΣΩΤΗΡΙΟΥ 
950 |a 117-1998-07-12